| 000 | 00996aab a2200193 i 4500 | ||
|---|---|---|---|
| 001 | 768714001 | ||
| 003 | CO-MdFUSB | ||
| 005 | 20240320122607.0 | ||
| 008 | 240319t1992 ag ||||| |||| 00| 0 spa d | ||
| 040 |
_bspa _cCO-MdFUSB |
||
| 041 | _aspa | ||
| 100 | 1 |
_aMackey, Tomas _eautor |
|
| 245 | 1 | 0 |
_aAdoración y trabajo pastoral _c/ Tomás Mackey |
| 300 |
_aVolumen 12, número 3 (julio - septiembre, 1993), páginas 19 - 20 _c; 27 cm |
||
| 520 | _aQuien desea pastorear en profundidad debe considerar la adoración como un aliado imprescindible, ya que el cuidado pastoral no es la razón primaria o exclusiva de la adoración, pero en realidad la tarea pastoral es mucho más efectiva, penetrante y estable cuando se realiza a partir del ambiente y del compromiso que sólo se producen en el encuentro Dios-ser humano. | ||
| 650 | 0 |
_aAdoración _91066 |
|
| 773 | 0 |
_tIglesia y Misión _049402 _959656 _gVolumen 12, número 3 (julio - septiembre, 1993), páginas 19 - 20 _qpáginas 19 |
|
| 942 | _cANA | ||
| 999 |
_c52005 _d52005 |
||